000 00847nam a22002297a 4500
003 UA-OsUOA
001 135840
007 ta
008 20190219b un ||||| |||| 00| 0 ukr d
090 _a352.07:316.77
_bМ71
942 _cBK
040 _aUA-OsUOA
_bukr
_cUA-OsUOA
_dUA-OsUOA
245 _aМісцеве самоврядування та суспільні комунікації
_bнавчальний посібник
_cО. М. Руденко, С. В. Штурхецький, Н. В. Ткаленко, О. В. Михайловська
300 _a130 с.
955 _a2
041 _aukr
080 _a352.07:316.77
020 _a978-617-7278-90-9
260 _aК.
_bКондор
_c2017
650 7 _a35 Державно-адміністративне управління. Військова справа
_2UDC
999 _c409661
_d409661